Most streamed Jack Johnson songs - Statistics

General Stats
  • This quiz has been taken 28 times
  • The average score is 5 of 10
Answer Stats
Hint Answer % Correct
3 Upside Down
92%
2 Banana Pancakes
88%
1 Better Together
65%
6 Good People
65%
7 Flake
58%
4 Sitting, Waiting, Wishing
46%
10 Breakdown
38%
9 Sunsets For Somebody Else
23%
8 Do You Remember
19%
5 I Got You
19%
No matching quizzes found
Score Distribution
Percent of People with Each Score
Percentile by Number Answered
Your Score History
You have not taken this quiz